00539nam a2200169Ia 4500008004100000100001900041245006000060245001900120260005900139260000900198300001100207650001800218650001500236856002600251999001900277952007300296170221s9999 xx 000 0 und d aPradeep Tewari aEvolutions in Photojournalism in India (2001 to 2011)  cPradeep Tewari bOnline Journal of Communication and Media Technologies c2014 a34 : 7 xCommunication xMedia Arts uhttp://www.ojcmt.net/ c310824d310824 001040aCLbCLd2017-02-21l0r2017-02-21 00:00:00w2017-02-21yFOJ